Aportes para la construcción de un piso de protección social en Argentina (Registro nro. 3858)
[ vista simple ]
| 000 -LEADER | |
|---|---|
| fixed length control field | 01608 a2200241 4500 |
| 001 - CONTROL NUMBER | |
| control field | 44919 |
| 005 - DATE AND TIME OF LATEST TRANSACTION | |
| control field | 20260407155724.0 |
| 008 - FIXED-LENGTH DATA ELEMENTS--GENERAL INFORMATION | |
| fixed length control field | 260407a2010 arg spa d |
| 003 - CONTROL NUMBER IDENTIFIER | |
| control field | AR-UNSa-BCEJYS |
| 040 ## - CATALOGING SOURCE | |
| Original cataloging agency | AR-UNSa-BCEJYS |
| Language of cataloging | spa |
| Transcribing agency | AR-UNSa-BCEJYS |
| 080 ## - UNIVERSAL DECIMAL CLASSIFICATION NUMBER | |
| Universal Decimal Classification number | 304.4(82) |
| Common auxiliary subdivision | Aspectos generales de las políticas y prácticas sociales y culturales en Argentina (política social) |
| 020 ## - INTERNATIONAL STANDARD BOOK NUMBER | |
| International Standard Book Number | 978-92-2-324138-4 |
| 041 ## - LANGUAGE CODE | |
| Language code of text/sound track or separate title | spa |
| 100 1# - MAIN ENTRY--PERSONAL NAME | |
| Personal name | Organización Internacional del Trabajo (OIT) |
| 245 10 - TITLE STATEMENT | |
| Title | Aportes para la construcción de un piso de protección social en Argentina |
| Name of part/section of a work | el caso de las asignaciones familiares |
| 264 #1 - PRODUCTION, PUBLICATION, DISTRIBUTION, MANUFACTURE, AND COPYRIGHT NOTICE | |
| Place of production, publication, distribution, manufacture | Buenos Aires : |
| Name of producer, publisher, distributor, manufacturer | OIT |
| Date of production, publication, distribution, manufacture, or copyright notice | 2010 |
| 300 ## - PHYSICAL DESCRIPTION | |
| Extent | 82 p. |
| Dimensions | 25 cm. |
| 505 ## - FORMATTED CONTENTS NOTE | |
| Formatted contents note | 1. Introducción – 2. La necesidad de la protección social – 3. Estrategia para la ampliación de la cobertura: el Piso de Protección Social como parte de un sistema – 4. La protección social en Argentina: avances y desafíos – 5. Política social para la infancia y adolescencia: las asignaciones familiares como parte de un PPS – 6. La experiencia internacional en transferencia para la niñez: casos relevantes en América Latina – 7. La reforma de las asignaciones familiares en Argentina – 8. Evaluación del impacto de la reforma en las asignaciones familiares – 9. Conclusiones y desafíos para la política de protección social – 10. Referencias bibliográficas - |
| 590 ## - LOCAL NOTE (RLIN) | |
| Local note | niveau_biblio:m niveau_hierar:0 |
| 700 1# - ADDED ENTRY--PERSONAL NAME | |
| Personal name | Bertranou, Fabio M. |
| 856 41 - ELECTRONIC LOCATION AND ACCESS | |
| Uniform Resource Identifier | <a href="https://www.biblioeco.unsa.edu.ar/pmb/images/libros/L127042.jpg">https://www.biblioeco.unsa.edu.ar/pmb/images/libros/L127042.jpg</a> |
| Link text | Imagen de portada |
| Electronic format type | image/jpeg |
| 942 ## - ADDED ENTRY ELEMENTS (KOHA) | |
| Koha item type | |
| Withdrawn status | Lost status | Damaged status | Not for loan | Home library | Current library | Shelving location | Date acquired | Total checkouts | Full call number | Barcode | Date last seen | Price effective from | Koha item type |
|---|---|---|---|---|---|---|---|---|---|---|---|---|---|
| Biblioteca Prof. Eusebio Cleto del Rey | Biblioteca Prof. Eusebio Cleto del Rey | 07/04/2026 | 304.4(82) B548 | L127042 | 07/04/2026 | 07/04/2026 | Libro |